IMPACT OF CLIMATE CHANGE ON THE OUTBREAK OF INFECTIOUS DISEASES AMONG CHILDREN IN BANGLADESH : (Record no. 82091)
[ view plain ]
| 000 -LEADER | |
|---|---|
| fixed length control field | 01173nam a2200265 a 4500 |
| 001 - CONTROL NUMBER | |
| RUCL Control Number | 82091 |
| 003 - CONTROL NUMBER IDENTIFIER | |
| rucl marc code | BD-RjUL |
| 005 - DATE AND TIME OF LATEST TRANSACTION | |
| control field | 20231121095631.0 |
| 008 - FIXED-LENGTH DATA ELEMENTS--GENERAL INFORMATION | |
| fixed length control field | 231011s2014 bg a|||| m||| 00| 0 eng d |
| 035 ## - SYSTEM CONTROL NUMBER | |
| system control number | (BD-RjUL)82091 |
| 040 ## - CATALOGING SOURCE | |
| Original cataloging agency | BD-RjUL |
| Language of cataloging | eng |
| Transcribing agency | BD-RjUL |
| Modifying agency | BD-RjUL |
| 041 ## - LANGUAGE CODE | |
| Language code of Book | eng |
| 082 ## - DEWEY DECIMAL CLASSIFICATION NUMBER | |
| DDC Edition number | 23 |
| Classification number | 616.9 |
| Author mark and Year | KAI 2014 |
| 100 ## - MAIN ENTRY--PERSONAL NAME | |
| Personal name | Kamruzzaman, A K M |
| 9 (RLIN) | 9485 |
| 245 10 - TITLE STATEMENT | |
| Title | IMPACT OF CLIMATE CHANGE ON THE OUTBREAK OF INFECTIOUS DISEASES AMONG CHILDREN IN BANGLADESH : |
| Remainder of title | IT'S PREVENTION AND CONTROL / |
| Statement of responsibility, etc | A K M Kamruzzaman |
| Name of Supervisor/Co-Supervisor | Principal Supervisor : Md. Sarwar Jahan,Co-Supervisor : Md. Redwanur Rahman & Md. Jawadul Haque |
| 260 ## - PUBLICATION, DISTRIBUTION, ETC. (IMPRINT) | |
| Place of publication, distribution, etc | Rajshahi : |
| Name of publisher, distributor, etc | Institute of Environmental Science, University of Rajshahi, |
| Date of publication, distribution, etc | 2014. |
| 300 ## - PHYSICAL DESCRIPTION | |
| Pagination | [2], xvi, 153 leaves : |
| Other physical details | ill.; |
| Dimensions | 29 cm. |
| 502 ## - DISSERTATION NOTE | |
| Dissertation note | Thesis(Ph.D.)-- Institute of Environmental Science, University of Rajshahi,2014 |
| 504 ## - BIBLIOGRAPHY, ETC. NOTE | |
| Bibliography, etc | References : Leaves 103-111 |
| 650 ## - SUBJECT ADDED ENTRY--TOPICAL TERM | |
| Topical term or geographic name as entry element | Communicable diseases |
| General subdivision | Climate change |
| Form subdivision | Children |
| 9 (RLIN) | 9486 |
| 700 ## - ADDED ENTRY--SUPERVISOR/CO-SUPERVISOR NAME | |
| Personal name | Jahan, Md. Sarwar, Principal Supervisor |
| 9 (RLIN) | 9487 |
| Personal name | Rahman, Md. Redwanur, Co-Supervisor |
| 9 (RLIN) | 1867 |
| Personal name | Haque, Md. Jawadul, Co-Supervisor |
| 9 (RLIN) | 6749 |
| 942 ## - ADDED ENTRY ELEMENTS (KOHA) | |
| Source of classification or shelving scheme | Dewey Decimal Classification |
| Koha item type | Theses |
| Source of classification or shelving scheme | Damaged status | Not for loan | Collection code | Permanent Location | Current Location | Shelving location | Date of accession | Source of acquisition | Total Checkouts | Full call number | Barcode | Date last seen | Copy number | Thesis |
|---|---|---|---|---|---|---|---|---|---|---|---|---|---|---|
| Dewey Decimal Classification | Not For Loan | Theses | Central Library, University of Rajshahi | Central Library, University of Rajshahi | Documentation Section | 13/06/2015 | Controller of Exam. R.U. | THE 616.9 KAI 2014 | D3780 | 11/10/2023 | C-1 | Theses |